Cost Accounting: Text and Problems (Record no. 11597)

MARC details
000 -LEADER
fixed length control field 00477nam a22001937a 4500
003 - CONTROL NUMBER IDENTIFIER
control field OSt
008 - FIXED-LENGTH DATA ELEMENTS--GENERAL INFORMATION
fixed length control field 221201b ||||| |||| 00| 0 eng d
020 ## - INTERNATIONAL STANDARD BOOK NUMBER
International Standard Book Number 9788121919630
082 ## - DEWEY DECIMAL CLASSIFICATION NUMBER
Classification number 657.4 SHC
100 ## - MAIN ENTRY--PERSONAL NAME
Personal name SHUKLA, M.C.
245 ## - TITLE STATEMENT
Title Cost Accounting: Text and Problems
250 ## - EDITION STATEMENT
Edition statement Reprint
260 ## - PUBLICATION, DISTRIBUTION, ETC. (IMPRINT)
Place of publication, distribution, etc New Delhi
Name of publisher, distributor, etc S Chand And Company Limited
Date of publication, distribution, etc 2022
300 ## - PHYSICAL DESCRIPTION
Extent 958 p.
650 ## - SUBJECT ADDED ENTRY--TOPICAL TERM
Topical term or geographic name as entry element Commerce
700 ## - ADDED ENTRY--PERSONAL NAME
Personal name GREWAL, T.S.
700 ## - ADDED ENTRY--PERSONAL NAME
Personal name GUPTA, M.P.
942 ## - ADDED ENTRY ELEMENTS (KOHA)
Source of classification or shelving scheme Dewey Decimal Classification
Koha item type Text Books
942 ## - ADDED ENTRY ELEMENTS (KOHA)
-- 1
Holdings
Withdrawn status Lost status Source of classification or shelving scheme Damaged status Not for loan Collection code Home library Current library Date acquired Source of acquisition Currency Cost, normal purchase price Bill Number Total Checkouts Full call number Acc. no. / Barcode Date last seen Actual Cost, discounted price Bill Date Koha item type Date last borrowed
    Dewey Decimal Classification     B.Com PIET NCR College Library PIET NCR College Library 17/11/2022 Kirti Prakashan IN Rupees 665.00 IN1483   657.4 SHC N3163 01/12/2022 478.80 17/11/2022 Reference Books  
    Dewey Decimal Classification     B.Com PIET NCR College Library PIET NCR College Library 17/11/2022 Kirti Prakashan IN Rupees 665.00 IN1483 1 657.4 SHC N3164 29/11/2024 478.80 17/11/2022 Text Books 25/11/2024
    Dewey Decimal Classification     B.Com PIET NCR College Library PIET NCR College Library 17/11/2022 Kirti Prakashan IN Rupees 665.00 IN1483   657.4 SHC N3165 01/12/2022 478.80 17/11/2022 Text Books  
    Dewey Decimal Classification     B.Com PIET NCR College Library PIET NCR College Library 17/11/2022 Kirti Prakashan IN Rupees 665.00 IN1483 2 657.4 SHC N3166 27/11/2024 478.80 17/11/2022 Text Books 05/11/2024

Design & Developed by: PIET Central Library
R70 Miles Stone Pattikalyana Samalkha Panipat 132102
mail ID :- [email protected], Phone No:- 0180-2569700 Ex.216